| 000 | 00678nam a22001933 4500 | ||
|---|---|---|---|
| 001 | 201784 | ||
| 090 | _a201784 | ||
| 100 | _a20260416d u||y0pory50 ba | ||
| 200 |
_aCalas tout chauds _ea book of verse by members of the Louisiana Poetry Society _fCarl Carmer...[et.al] |
||
| 210 |
_aNew Orleans _cLouisiana Poetry Society _d1928 |
||
| 215 |
_a27 p. _cbrochado _d22 cm |
||
| 300 | _aContmĖ dedicatrˤia do autor e uma nota do Prof. Dr. Almeida Faria na folha de guarda | ||
| 606 |
_917 _aLiteratura Inglesa |
||
| 610 | _aPoesia | ||
| 675 |
_a821.111-1 _vEN _zeng |
||
| 701 |
_917128 _aCarmer _bCarl _f1893-1976 |
||
| 801 |
_aPT _bBMMN _gRPC |
||
| 830 |
_cAna Falardo _fAna Falardo |
||
| 990 | _cLIVROS | ||